Statystyki dla Piraci z Karaibów - Postacie po zdjęciach

Kliknij tutaj aby rozwiązać quiz!

Ogólne statystyki

  • Ten quiz został rozwiązany 179 razy
  • Średni wynik to 7 z 22

Statystyki odpowiedzi

Odpowiedź% Poprawnych
Jack Sparrow
100%
Will Turner
71%
Czarna Perła
63%
Joshamee Gibbs
46%
Elizabeth Swann
45%
Davy Jones
43%
Kapitan Salazar
41%
Latający Holender
41%
Hector Barbossa
39%
Gubernator Weatherby Swann
35%
Bill Turner
34%
Czarnobrody
34%
James Norrington
33%
Angelica Malon
20%
Henry Turner
17%
Tia Dalma ''Calypso''
17%
Pintel
15%
Ragetti
13%
Lord Cutler Beckett
12%
Marty
11%
Carina Smyth ''Barbossa''
7%
Scrum
2%

Rozkład punktacji

Percentyl według liczby udzielonych odpowiedzi

Procent ludzi z każdym wynikiem

Twoja historia wyników

Nie rozwiązałeś tego quizu